Sports Quiz

Random Sports or MLB Quiz

Sports History in Motion Quiz Stats

 Plays Quiz Updated Sep 2, 2019

Support Sporcle.
Go Orange.
Score 0/15 Timer 07:00
1 Play Today
Question Answer Wrong Answers
Which of these images is 'The Shot'?
84.1%
3.3%
8.5%
2.8%
Which of these images is the 'Miracle on Ice'?
82.3%
2.6%
3.4%
5.6%
Which of these baseball players is Babe Ruth?
81.9%
7%
4.8%
6.1%
Which of these images is the 'Rumble in the Jungle'?
76.6%
9.9%
7.7%
2.2%
Which of these images is Hank Aaron breaking Babe Ruth's career home run record?
74%
8.5%
9%
2%
Which of these images is Diego Maradona's 'Hand of God' play?
73.8%
9.8%
2.3%
8.8%
Which of these images is 'Wide Right'?
69.3%
8.8%
9.1%
9.7%
Which of these hockey players is Bobby Orr?
67.8%
11.7%
7.2%
10.8%
Which of these images is 'The Play' (Cal/Stanford 1982)
67.6%
8.3%
4.9%
14.1%
Which of these images is the 'Shot Heard 'Round the World'?
66.9%
17.1%
7.3%
4.2%
Which of these images is the 'Immaculate Reception'?
66.3%
3.1%
18.8%
6.1%
Which of these images is the 1992 NCAA Men's Basketball Tournament ('The Shot')?
65.7%
5.9%
9.7%
14.6%
Which of these images is the 1975 World Series?
65%
17%
8.8%
2.7%
Which of these images is 'The Drive'?
57.4%
4.6%
24.4%
12.8%
Which of these images is the 'Pine Tar Incident'?
53.3%
27.5%
9.1%
4.1%

You're not logged in!

Compare scores with friends on all Sporcle quizzes.
OR
Log In

From the Vault

Broadway Musicals: Before and After

by Visaggi

Singing all of your answers out loud is optional.
Remove Ads.
Support Sporcle.
Get the best of Sporcle when you Go Orange. This ad-free experience offers more features, more stats, and more fun while also helping to support Sporcle. Thank you for becoming a member.

Show Comments

Extras

Top Quizzes Today


Score Distribution

Your Account Isn't Verified!

In order to create a playlist on Sporcle, you need to verify the email address you used during registration. Go to your Sporcle Settings to finish the process.

Report this User

Report this user for behavior that violates our Community Guidelines.

Details: